000
00297nam a2200121Ia 4500
008
190216s9999||||xx |||||||||||||| ||und||
100
_a
Ira N Levine
245
0
_a
Quantum Chemistry
260
_b
Prentice Hall Of India Pvt Ltd
_c
2001
300
_a
739
650
_a
Chemistry-Chemistry
942
_c
BK
999
_c
3442
_d
3442